00414cam a2200157ua 45000010005000000080039000050400009000440820013000531000027000662450053000932500009001462600032001553000014001876530027002016530028002284259111221n ii |||gr||||Z||||||asm cMAIN a891.45131 aBezbaroa, Lakshminath,11aKripabar Boruar uvatanicby Lakshminath Bezbaroa a1st. aGuwahati:bSahitya Prakash. a146p:5cm. aAssamese short stories aKripabar Boruar uvatani